ბათუმის შოთა რუსთაველის სახელმწიფო უნივერსიტეტის ბიბლიოთეკა

Справочник по растворимости. Том 3. Книга третья: тройные и многокомпонентные системы, образованные неорганическими веществами. (ბიბ.ჩანაწერი № 37147)

000 -LEADER
fixed length control field 00792nam a2200193Ia 4500
001 - CONTROL NUMBER
control field 3103
003 - CONTROL NUMBER IDENTIFIER
control field GE_BSU
008 - FIXED-LENGTH DATA ELEMENTS--GENERAL INFORMATION
fixed length control field 181216s||||||||xx |||||||||||||| ||und||
040 ## - CATALOGING SOURCE
Transcribing agency GE_BSU
080 ## - UNIVERSAL DECIMAL CLASSIFICATION NUMBER
Universal Decimal Classification number 541.8(035)
245 ## - TITLE STATEMENT
Title Справочник по растворимости. Том 3. Книга третья: тройные и многокомпонентные системы, образованные неорганическими веществами.
245 ## - TITLE STATEMENT
Statement of responsibility, etc. Составители: В.Б.Коган, С.К.Огородников, В.В.Кафаров. Отв. ред. В.В.Кафаров.
260 ## - PUBLICATION, DISTRIBUTION, ETC.
Place of publication, distribution, etc. Л.
260 ## - PUBLICATION, DISTRIBUTION, ETC.
Name of publisher, distributor, etc. Наука.
260 ## - PUBLICATION, DISTRIBUTION, ETC.
Date of publication, distribution, etc. 1970.
300 ## - PHYSICAL DESCRIPTION
Extent 1220 стр. 22 см.
653 ## - INDEX TERM--UNCONTROLLED
Uncontrolled term Справочник по растворимости.
942 ## - ADDED ENTRY ELEMENTS (KOHA)
Koha item type წიგნი
ეგზემპლარები
Withdrawn status Lost status Damaged status Not for loan Date acquired Barcode Date last seen Price effective from Koha item type
        2018-12-17 9476 2018-12-17 2018-12-17 წიგნი